00309nam a2200109Ia 4500008004000000082001700040100002500057245002300082260006200105300000900167650002300176210210b1983 xxu||||| |||| 00| 0 eng d a523.89K NARN aNARAYANARAV (Ji Ti). aNakshatravikshane. aMaisurubKarnataka Rajya Vayaskara Shikshana Samitic1983 ax,81 aNakshatra vikshane